| 000 -LEADER |
| fixed length control field |
00525nam a22001937a 4500 |
| 003 - CONTROL NUMBER IDENTIFIER |
| control field |
OSt |
| 005 - DATE AND TIME OF LATEST TRANSACTION |
| control field |
20191029062526.0 |
| 008 - FIXED-LENGTH DATA ELEMENTS--GENERAL INFORMATION |
| fixed length control field |
180309b xxu||||| |||| 00| 0 spa d |
| 020 ## - INTERNATIONAL STANDARD BOOK NUMBER |
| International Standard Book Number |
95052001044 |
| 040 ## - CATALOGING SOURCE |
| Transcribing agency |
PJ |
| 100 ## - ASIENTO PRINCIPAL - NOMBRE DE PERSONA |
| Personal name |
Torré, Abelardo |
| 9 (RLIN) |
79 |
| 245 10 - MENCIÓN DE TÍTULO |
| Título propiamente dicho |
Introducción al derecho / |
| Mención de responsabilidad, etc |
Abelardo Torré. |
| 250 ## - EDITION STATEMENT |
| Edition statement |
10a. ed. act. |
| 260 ## - PUBLICATION, DISTRIBUTION, ETC. (IMPRINT) |
| Place of publication, distribution, etc |
Buenos Aires : |
| Name of publisher, distributor, etc |
Perrot, |
| Date of publication, distribution, etc |
1991. |
| 300 ## - DESCRIPCION FISICA |
| Extent |
1029 p. |
| 650 ## - ASIENTO SECUNDARIO DE MATERIA - TERMINO TEMATICO |
| Topical term or geographic name as entry element |
DERECHO EN GENERAL |
| 9 (RLIN) |
209 |
| 650 ## - ASIENTO SECUNDARIO DE MATERIA - TERMINO TEMATICO |
| Topical term or geographic name as entry element |
INTRODUCCION AL DERECHO |
| 942 ## - ADDED ENTRY ELEMENTS (KOHA) |
| Source of classification or shelving scheme |
|
| Koha item type |
Libros |
| Classification part |
340.11 |
| Item part |
TOR |